LEADER 01608nam0-2200517---450- 001 990000748950203316 005 20100708175221.0 010 $a88-207-0821-3 020 $aIT$b83-2416 035 $a0074895 035 $aUSA010074895 035 $a(ALEPH)000074895USA01 035 $a0074895 100 $a20011119d1981----||ita|0103 ba 101 $aita 102 $aIT 105 $a|||| ||||| 200 1 $aEconomia internazionale$fKlaus Friedrich$gtraduzione e cura di Riccardo Paterno 210 $aNapoli$cLiguori$d1981 215 $a363 p.$d21 cm 225 $aTesti e contributi di economia$x0391-2162 410 1$1001CFI0058742$12001$aTesti e contributi di economia 454 1$12001$aInternational economics$1700 1$aFriedrich,$bKlaus$937648 610 0 $aEconomia internazionale 676 $a382$v18 700 1$aFRIEDRICH,$bKlaus$0375077 702 1$aPaternò,$bRiccardo 801 0$aIT$bBNCF$c19950412 912 $a990000748950203316 951 $a382 FRI 1b (COLL. PGM 3)$b2947 EC$d00273348 951 $a300 337 FRI$b14279 DISES 959 $aBK 969 $aECO 969 $aDISES 979 $aPATTY$b90$c20011119$lUSA01$h1245 979 $aPATTY$b90$c20011119$lUSA01$h1247 979 $c20020403$lUSA01$h1722 979 $aPATRY$b90$c20040406$lUSA01$h1652 979 $aRSIAV3$b90$c20090625$lUSA01$h1203 979 $aRSIAV4$b90$c20100708$lUSA01$h1752 979 $c20121027$lUSA01$h1545 979 $c20121027$lUSA01$h1603 979 $c20121027$lUSA01$h1610 996 $aInternational economics$937648 997 $aUNISA DEB $aUSA19757 LEADER 02923nam 2200601Ia 450 001 9910451998403321 005 20200520144314.0 010 $a1-281-12517-2 010 $a9786611125172 010 $a1-60258-166-5 010 $a1-4356-3228-1 035 $a(CKB)1000000000484573 035 $a(EBL)332595 035 $a(OCoLC)437200443 035 $a(SSID)ssj0000201542 035 $a(PQKBManifestationID)11182301 035 $a(PQKBTitleCode)TC0000201542 035 $a(PQKBWorkID)10245666 035 $a(PQKB)10372424 035 $a(MiAaPQ)EBC332595 035 $a(OCoLC)212907490 035 $a(MdBmJHUP)muse5124 035 $a(Au-PeEL)EBL332595 035 $a(CaPaEBR)ebr10200983 035 $a(EXLCZ)991000000000484573 100 $a20070925d2008 uy 0 101 0 $aeng 135 $aur|n|---||||| 181 $ctxt 182 $cc 183 $acr 200 14$aThe Messiah formerly known as Jesus$b[electronic resource] $edispatches from the intersection of Christianity and pop culture /$fTom Breen 210 $aWaco, Tex. $cBaylor University Press$d2008 215 $a1 online resource (228 p.) 300 $aDescription based upon print version of record. 311 $a1-60258-019-7 320 $aIncludes bibliographical references. 327 $aIntroduction: The Internet theologian speaks -- Everything you need to know about Christianity, minus the boring parts -- What job can teach us about dating high school girls, or Bible translations Wycliffe never intended -- Deck the halls with lawsuits -- Number one song in heaven -- A field guide to the major North American Jesuses -- A way, the truthiness, and the lifestyle -- Applying the hypostatic union to a winning zone defense -- Page-turners of the last days -- Conclusion: The further adventures of Jesus. 330 $aThe book presents a humorous look at contemporary Christianity through the skewed lens of the Internet Theologian, a pompous, absurdly self-important pundit whose confidence in his pronouncements is perhaps matched only by his utter lack of basic information about his subject matter. Believing that the only thing a real theologian needs is a cable modem, the Internet Theologian touches on Christianity's relationship with music, sports, best-selling novels, and holidays, among others. The book also includes a handy field guide to the various ways Americans interpret Jesus. 606 $aChristianity and culture 606 $aPopular culture$xReligious aspects$xChristianity 608 $aElectronic books. 615 0$aChristianity and culture. 615 0$aPopular culture$xReligious aspects$xChristianity. 676 $a261.0973 700 $aBreen$b Tom$0874750 801 0$bMiAaPQ 801 1$bMiAaPQ 801 2$bMiAaPQ 906 $aBOOK 912 $a9910451998403321 996 $aThe Messiah formerly known as Jesus$91952984 997 $aUNINA